| 000 | 01057 a2200169 4500 | ||
|---|---|---|---|
| 003 | Nust | ||
| 005 | 20220719183143.0 | ||
| 040 | _cNust | ||
| 082 | _a001.51,HIJ | ||
| 100 |
_aHijazi.M.A Dr _993895 |
||
| 245 |
_aMass Communication : _bTheory & practice / _cProf Dr M.A Hijazi , Prof GM Naqash |
||
| 260 |
_aLahore _bA-One Pub _c2004 |
||
| 300 | _axvii,349p | ||
| 505 | _aFrom Journalism to Mass Communication (Page-1), Mass Communication (Page-9), Growth and Role of Muslim Press in India (Page-19), Muslim Press in Areas Forming Pakistan (Page-45), Development of Press in Pakistan (Page-73), Media and National Development (Page-99), New Print Technology (Page-107), What is News (Page-119), Reporting (Page-133), Editing Process (Page-179), Headline (Page-221), Page Make-Up, Lay-Out Display or Design (Page-245), Picture Editing (Page-261), Radio Monitoring (Page-273), Freedom of the press (Page-279), New World Information Order (Page-301), Development Communication (Page-309). | ||
| 650 |
_aMass Communication _963753 |
||
| 942 |
_2ddc _cBK _k001.51,HIJ |
||
| 999 |
_c176769 _d176769 |
||